00938nam a22002657a 45000010005000000030006000050050017000110080041000280200018000690400029000870500014001160820008001301000034001382450085001722500041002572600037002983000056003355050007003915200161003985210018005595210018005776500025005956500020006207000032006406964FISKH20250612093249.0250612b cb ||||| |||| 00| 0 eng d a9780316941297 aFISKHbengcFISKHdFISKH aPZ8.W668  a434 aWillard, Nancyd(1936–2017) aA starlit somersault downhill /cBy Nancy Willard ; Illustrated by Jerry Pinkney aThis edition first published in 1993 aHong Kong :bLittle Brown,c1993 a32 unnumbered pages :bcolor illustrations ;c28 cm aG  aHaving made a plan to spend the winter with Bear napping in a cozy cave, Rabbit finds himself too energetic to sleep and decides to join the world outside. 8 a380 bLexile 8 aG bRaz-Plus  2AnimalsaHibernation 2WinteraRabbits aPinkney, Jerrydillustrator